1884 1576 1605 1084 1435 1927 1070 1123 1419 1090 1181 1808 1498 1500 1273 1520 1117 1463 1606 1288 1407 1172 1570 1699 1081 1062 1236 1257 1159 1832 1101 1590 1448 1941 1601 1094 1443 1487 1563 1002 1974 1908 1935 1944 1924 1527 1127 1242 1170 1629 1412 1780 1991 1869 1452 1197 1937 1636 1270 1965 1354 1217 1608 1056 1643 1550 1408 1910 1598 1952 1650 1476 1253 1457 1692 1716 1914 1527 1393 1300 1268 1090 1180 1075 1779 1828 1175 1014 1417 1952 1893 1154 1601 1327 1265 1029 1478 1210 1121 BCNSPRNW ULIB Ver.6.0+V

เปลี่ยนเป็นภาษาไทย

Change to English
 แสดงรายละเอียดบรรณานุกรม
  กลับหน้าหลัก

Brief Record : Get Marc (ISO 2709) : E-mail record : QR code < ปิดหน้าต่าง
LEADER : 00000nam 2200000uu 4500
001    13399123109
003     ULIB
008    020711s2554 th a 000 0 tha d
020    9786167164458
050  4 BF637^bพ417ผ
100    พัชรศรี เบญจมาศ
245    ผู้หญิงร้ายผู้ชายรัก 2/^cพัชรศรี เบญจมาศ
260    กรุงเทพฯ :^bWelearn,^c2554
300    246 หน้า
650    กาละแม
945    ^p179^l0^i20295
999    ^aทศพร เกษรทอง
รายการนี้ยังไม่มีแท็ก
คุณยังไม่ได้ล็อกอิน คุณสามารถมีกิจกรรมร่วมกับเว็บไซต์ได้ แต่ต้องล็อกอินก่อน ::
  ล็อกอิน

รายการสื่อสารสนเทศ

ลำดับที่ ประเภท เลขเรียก/บาร์โค้ด สถานที่ สถานะ
1. การศึกษาทั่วไป
การศึกษาทั่วไป
BF637 พ417ผ ฉ.1 
  Barcode: 20295
ห้องสมุดวิทยาเขตนครสวรรค์
►หนังสือทั่วไป:l:General Books
บนชั้น

รายการใกล้เคียง
    ผู้แต่ง [พัชรศรี เบญจมาศ]

BibComment


ยังไม่เคยถูกคอมเมนท์

คอมเมนท์ทรัพยากรรายการนี้
  คอมเมนท์: ผู้หญิงร้ายผู้ชาย..


 Copyright 2026. Bcnsprnw @Library